000
00271nam a22001217a 4500
020
_a
0-408-00251-4
082
_a
668.4 NEL'N
100
_a
NELSON, W. E
_9
76005
245
_a
NYLON PLASTICS TECHNOLOGY
260
_a
LONDON
_b
NEWNESS
_c
1976
300
_a
230P
942
_c
BK
999
_c
581408
_d
581408